| 000 | 00629nam a2200217 i 4500 | ||
|---|---|---|---|
| 001 | 000031970 | ||
| 003 | DO-SdBNP | ||
| 005 | 20250611105004.0 | ||
| 007 | ta | ||
| 008 | 110707s1974 dr a 000 0 spa d | ||
| 040 |
_aDO-SdBNP _bspa _cBNPHU _erda |
||
| 049 | _aBNPD | ||
| 082 | 4 |
_axxxx _bD671 _222 |
|
| 245 | 0 | 0 |
_aDominican Republic : _binvestors handbook. |
| 264 | 1 |
_aSanto Domingo : _bAmerican Chamber of Commerce of the Dominican Republic, _c1974. |
|
| 300 |
_a39 páginas ; _c23 cm. |
||
| 336 |
_atexto _btxt _2rdacontent |
||
| 337 |
_asin mediación _bn _2rdamedia |
||
| 338 |
_avolumen _bnc _2rdacarrier |
||
| 942 |
_2ddc _cLF2 |
||
| 999 |
_c31461 _d31461 |
||